<?xml version="1.0" encoding="UTF-8"?><?xml-stylesheet type="text/xsl" href="static/style.xsl"?><OAI-PMH xmlns="http://www.openarchives.org/OAI/2.0/" xmlns:xsi="http://www.w3.org/2001/XMLSchema-instance" xsi:schemaLocation="http://www.openarchives.org/OAI/2.0/ http://www.openarchives.org/OAI/2.0/OAI-PMH.xsd"><responseDate>2026-04-13T01:07:21Z</responseDate><request verb="GetRecord" identifier="oai:www.recercat.cat:10459.1/70438" metadataPrefix="marc">https://recercat.cat/oai/request</request><GetRecord><record><header><identifier>oai:recercat.cat:10459.1/70438</identifier><datestamp>2024-12-05T21:57:52Z</datestamp><setSpec>com_2072_3622</setSpec><setSpec>col_2072_479130</setSpec></header><metadata><record xmlns="http://www.loc.gov/MARC21/slim" xmlns:dcterms="http://purl.org/dc/terms/" xmlns:xsi="http://www.w3.org/2001/XMLSchema-instance" xmlns:doc="http://www.lyncode.com/xoai" xsi:schemaLocation="http://www.loc.gov/MARC21/slim http://www.loc.gov/standards/marcxml/schema/MARC21slim.xsd">
   <leader>00925njm 22002777a 4500</leader>
   <datafield ind2=" " ind1=" " tag="042">
      <subfield code="a">dc</subfield>
   </datafield>
   <datafield ind2=" " ind1=" " tag="720">
      <subfield code="a">Morazán Nuñez, Henris Jobany</subfield>
      <subfield code="e">author</subfield>
   </datafield>
   <datafield ind2=" " ind1=" " tag="720">
      <subfield code="a">Seradj, Ahmad Reza</subfield>
      <subfield code="e">author</subfield>
   </datafield>
   <datafield ind2=" " ind1=" " tag="720">
      <subfield code="a">Hermida, B.</subfield>
      <subfield code="e">author</subfield>
   </datafield>
   <datafield ind2=" " ind1=" " tag="720">
      <subfield code="a">Álvarez Rodríguez, Javier</subfield>
      <subfield code="e">author</subfield>
   </datafield>
   <datafield ind2=" " ind1=" " tag="720">
      <subfield code="a">Babot Gaspa, Daniel</subfield>
      <subfield code="e">author</subfield>
   </datafield>
   <datafield ind2=" " ind1=" " tag="720">
      <subfield code="a">Balcells Terés, Joaquim</subfield>
      <subfield code="e">author</subfield>
   </datafield>
   <datafield ind2=" " ind1=" " tag="260">
      <subfield code="c">2021-02-04T10:08:37Z</subfield>
   </datafield>
   <datafield ind2=" " ind1=" " tag="260">
      <subfield code="c">2021-02-04T10:08:37Z</subfield>
   </datafield>
   <datafield ind2=" " ind1=" " tag="260">
      <subfield code="c">2011</subfield>
   </datafield>
   <datafield ind2=" " ind1=" " tag="520">
      <subfield code="a">Anaerobic fermentation of the slurry allows for, i) Taking advantage of waste energy and ii) Reduce the emission of harmful (NH3) and greenhouse gases (e.g. CH4 and N2O). Generation of pig slurry, in those areas with a high concentration of pig farms (e.g. Catalonia and Aragon), became an environmental problem but also constitute abundant resource for energy-recycling. The slurry potential as a substrate for anaerobic fermentation is low, however this performance can be improved by synergic combination with other substrate as agro-industrial by-products. The objective of the present assay was to study the in vitro potential of some local by-products (i.e. wheat straw, apple pulp and sugar beet pulp) as a co-substrate and ruminant faeces as co-inoculum to optimize CH4 under anaerobic fermentation. The use of referred co-substrates improved significantly biogas and CH4 production although a negative relationship between methane production and slurry dilution was detected (4 and 6% vs. 2% slurry DM, P &lt;0.05).</subfield>
   </datafield>
   <datafield ind2=" " ind1=" " tag="520">
      <subfield code="a">Estudio financiado por el MCINN (proyecto AGL2010-20820). H. Morazán y A.R. Seradj disfrutan de becas MAEC-AECID 2010-2011 y AGAUR FI-DGR 2011, respectivamente.</subfield>
   </datafield>
   <datafield ind1="8" ind2=" " tag="024">
      <subfield code="a">http://hdl.handle.net/10459.1/70438</subfield>
   </datafield>
   <datafield tag="653" ind2=" " ind1=" ">
      <subfield code="a">Swine</subfield>
   </datafield>
   <datafield tag="653" ind2=" " ind1=" ">
      <subfield code="a">Anaerobic fermentation</subfield>
   </datafield>
   <datafield tag="653" ind2=" " ind1=" ">
      <subfield code="a">Methane production</subfield>
   </datafield>
   <datafield ind2="0" ind1="0" tag="245">
      <subfield code="a">Optimización de los procesos de co-digestión anaerobia de purín de cerdo a partir de subproductos agrícolas como co-sustratos y heces de vacuno como co-inóculo</subfield>
   </datafield>
   <datafield ind2="0" ind1="0" tag="245">
      <subfield code="a">Optimization of anaerobic co-digestion process of pig slurry from agricultural by-products as co-substrates and cow faeces as co-inoculum</subfield>
   </datafield>
</record></metadata></record></GetRecord></OAI-PMH>